| 000 | 01453nam0a22003971 4500 | ||
|---|---|---|---|
| 001 | rc\964203 | ||
| 005 | 20260204000000.0 | ||
| 035 | _a(NLR Aleph) 006133623 | ||
| 090 |
_a5587726 _c5587726 |
||
| 100 | _a20041129d1982 u y0rusy50 ca | ||
| 101 | 0 |
_arus _ageo |
|
| 102 | _aRU | ||
| 105 | _aa z|||001yy | ||
| 135 | _acrcn 024anaba | ||
| 200 | 1 | _aАрамейский язык | |
| 210 |
_aТбилиси _cМецниереба _d1982 |
||
| 215 |
_a222 с., 1 л. ил. _d21 |
||
| 300 | _aВ надзаг.: АН ГССР, Ин-т востоковедения им. Г.В. Церетели | ||
| 300 | _aТекст парал.: груз., рус. | ||
| 300 | _aПер.: груз. | ||
| 320 | _aБиблиогр.: с. 206-215 | ||
| 325 | _aКопия доступна в Электрон. б-ке РНБ | ||
| 700 | 1 |
_aЦеретели _bК. Г. _f1921-2004 _gКонстантин Григорьевич _4070 |
|
| 801 | 0 |
_aRU _bNLR _gpsbo |
|
| 801 | 1 |
_aRU _bELAR _2rusmarc |
|
| 852 |
_aNLR _bОЛСАА-арам _j3-10 |
||
| 856 | 0 | _uhttps://vivaldi.nlr.ru/bx000076176/view | |
| 856 | 1 | _uhttps://vivaldi.nlr.ru/bx000076176/cover | |
| 856 | 2 | _uhttps://vivaldi.nlr.ru/bx000076176/text | |
| 942 | _cBOOK | ||
| 980 | 1 | _aHEBR | |
| 980 | _aNB | ||
| 981 | 2 | 3 |
_a(23) Национальные литературы _b(23) Книги ОЛСАА |